书目信息 |
| 题名: |
材料力学重点难点及典型题精解
|
|
| 作者: | 闵行 , 武广号 , 刘书静 编著 | |
| 分册: | ||
| 出版信息: | 西安 西安交通大学出版社 2001.05 |
|
| 页数: | 290页 | |
| 开本: | 26cm | |
| 丛书名: | 21世纪大学课程辅导丛书 | |
| 单 册: | ||
| 中图分类: | TB301-44 | |
| 科图分类: | ||
| 主题词: | 工程材料 | |
| 电子资源: | ||
| ISBN: | 7-5605-1382-4 | |
| 000 | 00799nam0 2200241 45 | |
| 001 | 0439878767 | |
| 005 | 2004042811043717 | |
| 010 | @a7-5605-1382-4@dCNY 22.00 | |
| 100 | @a20040428d2001 km y0chiy0120 ea | |
| 101 | 0 | @achi |
| 102 | @aCN@b610000 | |
| 200 | 1 | @a材料力学重点难点及典型题精解@ACai Liao Li Xue Zhong Dian Nan Dian Ji Dian Xing Ti Jing Jie@f闵行,武广号,刘书静编著@Fmin xing,wu guang hao,liu shu jing bian zhu |
| 210 | @a西安@c西安交通大学出版社@d2001.05 | |
| 215 | @a290页@d26cm | |
| 225 | 2 | @a21世纪大学课程辅导丛书 |
| 410 | 0 | @12001 @a21世纪大学课程辅导丛书 |
| 606 | 0 | @a工程材料 |
| 690 | 1 | @aTB301-44@v4 |
| 701 | 0 | @a闵行@Amin xing@4编著 |
| 701 | 0 | @a武广号@Awu guang hao@4编著 |
| 701 | 0 | @a刘书静@Aliu shu jing@4编著 |
| 801 | 0 | @aCN@bPFT@c20040428 |
| 905 | @dTB301-44@eM794 | |
| 材料力学重点难点及典型题精解/闵行,武广号,刘书静编著.-西安:西安交通大学出版社,2001.05 |
| 290页;26cm.-(21世纪大学课程辅导丛书) |
| ISBN 7-5605-1382-4:CNY 22.00 |
| ● |
| 相关链接 |
|
|
|
正题名:材料力学重点难点及典型题精解
索取号:TB301-44/M794
 
预约/预借
| 序号 | 登录号 | 条形码 | 馆藏地/架位号 | 状态 | 备注 |
| 1 | 382770 | 203827706 | 自科库501/501自科库 12排1列3层/ [索取号:TB301-44/M794] | 在馆 | |
| 2 | 382771 | 203827715 | 自科库501/501自科库 12排1列3层/ [索取号:TB301-44/M794] | 在馆 | |
| 3 | 382772 | 203827724 | 自科库501/501自科库 12排1列3层/ [索取号:TB301-44/M794] | 在馆 |